01692nam a2200325Ia 450000500170000000800410001702000150005804100080007324501590008125000220024026400300026230000400029233600270033233700330035933800280039252005840042065000280100465000290103265000330106165000280109465000260112265000190114865000280116765000290119570000340122470000330125870000290129104000350132008400110135520220316235406.0121119s2001 ck a 000 j spa  a95824012300 aspa00aCuentos clásicos juvenilesbantologíacAlexander Pushkin ... [y otros seis] ; ilustraciones de Daniela Díaz ; edición y prólogo, Conrado Zuluaga aPrimera edición 1aBogotábAlfaguarac2001 a124 páginasbilustracionesc21 cm atextobtxt2rdacontent asin mediaciónbn2rdamedia avolumenbnc2rdacarrier2 aDebido a su brevedad, y en comparación con otros géneros narrativos, el cuento debe atrapar la atención del lector desde la primera página. Los autores que se han seleccionado para esta antología son considerados como grandes maestros de la narrativa, y en cada uno de estos cuentos queda demostrada su habilidad para crear, en unas cuantas líneas, historias verdaderamente cautivadoras. Los cuentos juveniles que aquí se han incluido son un excelente inicio para que, posteriormente, los jóvenes conozcan más de las joyas que conforman la literatura universal.142LEMBaCuentos juveniles142LEMBaLiteratura juvenil142LEMBaHistorias de aventuras142LEMBaMuerte vCuentos 142LEMBaBodas vCuentos142LEMBaNiños 142LEMBaAmistad vCuentos142LEMBaNodrizas vCuentos1 aPushkin, Alexanderd1799-18371 aDíaz, Daniela eilustrador1 aZuluaga, Conradoeeditor aCO-BoRNBPbspaerdacCO-BoRNBP aC CUE1